000 01391nam a2200265 i 4500
001 118111
003 ES-MaACL
005 20230906191031.0
007 t|
008 070214m19341935fr r ||||1| fre d
100 0 _aPerrier, Rémy.
_991353
245 1 3 _aLa faune de la France en tableaux synoptiques illustrès /
_cRémy Perrier.
260 _aParis :
_bDelagrave,
_c1934-1935.
300 _a8 t. :
_bil. ;
_c21 cm.
505 8 _aContiene: Tomo I. Vers et nemathelminthes par Jean Delphy. Tomo II. Arachnides et crustacés avec la collaboration de Lucien Berland et Léon Bertin. Tomo III. Miriapodes avec la collaboration de Casimir Cépède. Tomo IV. Hèmiptères, anoplures, mallophages, lepidoptères avec la collaboration de Lön Bertin et Louis Gaumont. Tomo V-VI. Coléoptères en collaboration avec Jean Delphy. Tomo IX. Bryozoaires, braquiopodes, mollusques, protocardés, amphioxus, tuniciers avec collaboration Paul Fischer, Hervé Harant. Tomo X. Vertébré, poissons, batraciens, reptiles oiseaux, mamiphères par Lön Bertin.
650 4 _aFauna-
_zFrancia.
_9163729
700 1 _aDelphy, Jean.
_943582
700 1 _aBerland, Lucien.
_928050
700 1 _aBertin, León.
_928469
700 1 _aCépède, Casimir.
_937433
700 1 _aGaumont, Louis.
_956015
700 1 _aFischer, Paul.
_951008
700 1 _aHarant, Hervé.
_961797
852 _aES-MaACL
_jC-6982-89
999 _c118111
_d118111